| 000 | 00359nam a22001457a 4500 | ||
|---|---|---|---|
| 003 | LK-CoDNM | ||
| 005 | 20240830114908.0 | ||
| 008 | 240830b |||||||| |||| 00| 0 eng d | ||
| 040 |
_aLK-CoDNM _dLK-CoDNM _eLK-CoDNM |
||
| 080 | _b1823 | ||
| 245 | _a The Ceylon Calenadr | ||
| 260 |
_aColombo _bGoverment press _c1823 |
||
| 300 | _b231p. : 23 cm | ||
| 942 | _cBK | ||
| 999 |
_c150256 _d150256 |
||